000 00668nam a2200205Ia 4500
001 b4382-28050 [5590]
003 IT-MiCISF
008 161014s9999||||xx |||||||||||||| ||und||
040 _aIT-MiCISF
_cIT-MiCISF
041 _ait
100 _aSchapiro-Niel Anne
245 0 _aIl manuale della mamma quasi perfetta
_bDalla nascita ai 10 anni aiuta i tuoi figli a crescere bene nel corpo e nella mente
250 _a1a ed.
260 _a Leumann (TO)
_bElle Di Ci
_c1998
300 _app. 240
500 _a / madre, genitorialità, educazione-bambini, figli-piccoli, crescita-bambini /
650 _agenitorialità
942 _cBK
957 _71
999 _a28050
_bsi
_g1
_c212888
_d212888